Food Production Operations (Record no. 14246)
[ view plain ]
| 000 -LEADER | |
|---|---|
| fixed length control field | 00291nam a22001217a 4500 |
| 020 ## - INTERNATIONAL STANDARD BOOK NUMBER | |
| ISBN | 9780198061816 |
| 082 ## - DEWEY DECIMAL CLASSIFICATION NUMBER | |
| Classification number | 664 |
| Item number | BAL/FO |
| 100 ## - MAIN ENTRY--AUTHOR NAME | |
| Personal name | Bali Parvinder, S |
| 245 ## - TITLE STATEMENT | |
| Title | Food Production Operations |
| 260 ## - PUBLICATION, DISTRIBUTION, ETC. (IMPRINT) | |
| Place of publication | New Delhi |
| Name of publisher | Oxford University Press |
| Year of publication | 2013 |
| 300 ## - PHYSICAL DESCRIPTION | |
| Number of Pages | 588 |
| 942 ## - ADDED ENTRY ELEMENTS (KOHA) | |
| Koha item type | Books |
| Withdrawn status | Lost status | Damaged status | Collection code | Home library | Current library | Shelving location | Date acquired | Source of acquisition | Cost, normal purchase price | Full call number | Accession Number | Koha item type |
|---|---|---|---|---|---|---|---|---|---|---|---|---|
| KAUAET | KAUAET | General Stacks | 08/06/2016 | Penta Books, Calicut | 465.00 | 664 BAL/FO | 24194 | Books | ||||
| KAUAET | KAUAET | General Stacks | 16/06/2016 | Ganesh Book Center Trivanrum | 555.00 | 664 BAL/FO | 24618 | Books | ||||
| KAUAET | KAUAET | General Stacks | 22/06/2016 | Aman Book Stall Calicut | 525.00 | 664 BAL/FO | 24664 | Books |
